000 00886nam a2200241Ia 4500
999 _c65215
_d65215
005 20240530110813.0
008 140319s2008 au a f b 000 0 ara d
017 _a2007/14506
_bمصر. دار الكتب
020 _a9775471540
040 _aGCL /
_cGCL
082 0 4 _221
_a792.022 /
_bت إ
100 0 _aتوفيق موسى اللوح
245 1 0 _aاتجاهات المسرح السياسى المعاصر :
_bتشكيل منظومة القيم الدرامية /
_cتوفيق موسى اللوح
250 _aط.1
260 _aالقاهرة :
_bمصر العربية للنشر والتوزيع،
_c2008 .
300 _a271 ص. :
_bايض. ؛
_c24 سم.
650 0 7 _aالمسرح
_2qrmak
650 0 7 _aالمسرح السياسى
_2qrmak
650 0 7 _aالدراما
_2qrmak
651 _2qrmak
942 _2ddc
_cBK